000 00341 a2200145 4500
001 164237
020 _a
040 _cMagnum
100 _a-
240 1 0 _aO guarda do parque: uma jornada pela natureza
_lpor
245 1 0 _aO guarda do parque: uma jornada pela natureza
362 0 _a1899
697 _aI/AVENTURA, CRIANCAS
942 _cBK
999 _c164237
_d164237